000 00214nam a2200097Ia 4500
008 220204s9999 xx 000 0 und d
082 _a82-3
_bHEY
100 _aHeyer, Georgette
245 0 _aMy Lord Jim
942 _cBK
999 _c33760
_d33760